Estadísticas para Las 30 ciudades más turísticas de España

Haz click aquí para intentar la prueba.

Estadísticas generales

  • Esta prueba ha sido intentada 130 veces
  • La puntuación promedio es 16 de 30

Estadísticas de respuestas

PosiciónViajerosComunidad AutónomaCiudad% Correcto
28.278.156CataluñaBarcelona
100%
19.877.855Comunidad de MadridMadrid
100%
62.072.573Comunidad ValencianaValencia
99%
33.018.060AndalucíaSevilla
98%
111.517.106AndalucíaMálaga
91%
42.506.436Islas BalearesPalma
90%
81.735.323AndalucíaGranada
88%
22831.392Comunidad ValencianaAlicante
87%
161.121.719País VascoBilbao
87%
19923.083AndalucíaCórdoba
81%
141.137.285AragónZaragoza
81%
52.238.050Comunidad ValencianaBenidorm
72%
20908.668País VascoSan Sebastián
71%
17934.337GaliciaSantiago de Compostela
67%
30591.445Castilla-La ManchaToledo
67%
151.131.312CataluñaLloret de Mar
62%
23733.653AndalucíaMarbella
59%
24718.533Castilla y LeónSalamanca
59%
121.271.280CataluñaSalou
41%
131.198.881AndalucíaTorremolinos
32%
101.554.223Islas CanariasAdeje
24%
28610.461AndalucíaBenalmádena
21%
21856.078Islas CanariasArona
15%
91.693.286Islas BalearesCalvià
12%
25711.293Islas CanariasPuerto de la Cruz
11%
71.752.713Islas CanariasSan Bartolomé de Tirajana
7%
27638.389Islas CanariasMogán
2%
26694.390Islas CanariasYaiza
2%
18927.021Islas CanariasPájara
1%
29594.805Islas BalearesSant Llorenç des Cardassar
1%

Distribución de puntuación

Porcentaje por número respondido

Porcentaje de gente con cada puntuación

Historial de tus puntuaciones

No has intentado esta prueba.